000 01258nam a22003257a 4500
005 20240530110414.0
008 150122s2010 ua g b 000 0 ara d
017 _a2009/10977
_bمصر . دار الكتب المصرية
020 _a9789773277299
040 _aEG-CaGPL
041 0 _aara
082 0 4 _221
_a808.849\
_bأ م
100 0 _aالنبوى سراج
245 1 2 _aالمثقفون اليهود باقلامهم :
_bهنا مالا يعرفة الكثيرون عن اليهود /
_cالنبوى سراج
250 _aط1
260 _aالاسكندرية :
_bدار الوفاء لدنيا الطباعة و النشر ،
_c2010
300 _a177 ص ؛
_c24 سم
504 _aيشتمل على ارجاعات ببليوجرافية
650 0 4 _aاليهود
650 0 4 _aاليهودية
650 0 4 _aالعلمانيون
650 0 4 _aالنزاع العربى الاسرائيلى
650 0 4 _aاليهود
_xالاحوال السياسية
650 0 4 _aالتسليح
_zاسرائيل
650 0 4 _aاللاجئون الفلسطينيون
650 0 4 _aالصحافة الاسرائيلية
650 0 4 _aحقوق الانسان
_zفلسطين
942 _2ddc
_cBK
999 _c60517
_d60517